00547nam a22001457a 450000500170000000800410001702000280005804100130008608200130009910000410011224501390015326000560029230000280034865000250037620240122094740.0240122b |||||||| |||| 00| 0 eng d a0409003301 ; 0409003921 aEnglish  a349 JOU  aJoubert, WA and Scott. TJ lEnglish  aThe Law of South Africa : Welfare and Wills and Succession, Administration of Deceased Estates and Trusts / cWA Joubert and TJ Scott  aDurban : bButterworth Publishers (Pty) Ltd, c1988 b353 pages ; c26,5 cm.  aLegal practice bLaw